|
|
|
|
| LEADER |
00000nas a2200000 i 4500 |
| 001 |
ssj0001035151 |
| 003 |
WaSeSS |
| 005 |
20200512172242.0 |
| 006 |
m d |
| 007 |
cr n |
| 008 |
100910c19899999bl tr p s | 0por c |
| 010 |
|
|
|a 2017267026
|
| 016 |
7 |
|
|a 025039873
|2 DE-101
|
| 016 |
7 |
|
|a 2118135-4
|2 DE-600
|
| 022 |
|
|
|a 2178-4884
|l 0103-3352
|y 0103-3352
|
| 035 |
|
|
|a (WaSeSS)ssj0001035151
|
| 040 |
|
|
|a OCLCE
|b eng
|e pn
|c OCLCE
|d OCLCQ
|d OCLCF
|d OCLCO
|d OCL
|d OCLCO
|d OCLCQ
|d U3G
|d AU@
|d CUS
|d UX1
|d VT2
|d Z5A
|d DOS
|d OCL
|d OCLCQ
|d OCLCO
|d OCLCQ
|d TOH
|d OCLCQ
|d U3W
|d OCLCQ
|d OCLCO
|d WaSeSS
|
| 042 |
|
|
|a pcc
|
| 043 |
|
|
|a s-bl---
|
| 050 |
|
4 |
|a F2538.3
|b .R48
|
| 082 |
0 |
4 |
|a 327.81
|2 20
|
| 210 |
0 |
|
|a Rev. Bras. Ciênc. Polit.
|b (Online)
|
| 222 |
|
0 |
|a Revista Brasileira de Ciência Política
|
| 245 |
0 |
0 |
|a Revista brasileira de ciência política
|h [electronic resource].
|
| 246 |
1 |
|
|a RBCP
|
| 260 |
|
|
|3 Mar. 1989-<dez. 2008>
|a [Brasília] :
|b Departamento de Ciência Política e Relações Internacionais, Universidade de Brasília,
|c 1989-
|
| 260 |
3 |
|
|3 Jan./jun. 2009-
|a Brasília :
|b Instituto de Ciência Política da Universidade de Brasília
|
| 310 |
|
|
|a Three issues per year,
|b 2012-
|
| 321 |
|
|
|a Quarterly,
|b 1989-<2008?>
|
| 321 |
|
|
|a Semiannual,
|b 2009-2011
|
| 362 |
1 |
|
|a Print began with vol. 1, no. 1 (março de 1989); Numbering restarted with no. 1 (jan./jun. 2009).
|
| 506 |
|
|
|a License restrictions may limit access.
|
| 515 |
|
|
|a Numbering restarted in 2009 with: No. 1.
|
| 588 |
|
|
|a Description based on: Print version record.
|
| 588 |
|
|
|a Latest issue consulted: No 22 (janeiro-abril de 2017) (Scielo, viewed July 20, 2017).
|
| 648 |
|
7 |
|a Since 1985
|2 fast
|
| 650 |
|
0 |
|a Political science
|v Periodicals.
|
| 650 |
|
7 |
|a Political science.
|2 fast
|0 (OCoLC)fst01069781
|
| 650 |
|
7 |
|a Diplomatic relations.
|2 fast
|0 (OCoLC)fst01907412
|
| 650 |
|
7 |
|a Politics and government
|2 fast
|0 (OCoLC)fst01919741
|
| 651 |
|
0 |
|a Brazil
|x Politics and government
|y 1985-2002
|v Periodicals.
|
| 651 |
|
0 |
|a Brazil
|x Politics and government
|y 2003-
|v Periodicals.
|
| 651 |
|
0 |
|a Brazil
|x Foreign relations
|y 1985-
|v Periodicals.
|
| 651 |
|
7 |
|a Brazil.
|2 fast
|0 (OCoLC)fst01206830
|
| 655 |
|
0 |
|a Electronic journals.
|
| 710 |
2 |
|
|a Universidade de Brasília.
|b Departamento de Ciência Política e Relações Internacionais.
|
| 710 |
2 |
|
|a Universidade de Brasília.
|b Instituto de Ciência Política.
|
| 776 |
0 |
8 |
|i Print version:
|t Revista brasileira de ciência política
|x 0103-3352
|w (DLC) 89661525
|w (OCoLC)20457179
|
| 856 |
4 |
0 |
|z Full text available from Research Library: 01/01/2009 to present
|u https://search.proquest.com/publication/1626348
|